All Red Bull Racing Drivers 2005-2024 - Statistics

General Stats
  • This quiz has been taken 52 times
  • The average score is 9 of 11
Answer Stats
Hint Answer % Correct
2016-present Max Verstappen
98%
2009-201 Sebastian Vettel
98%
2007-2013 Mark Webber
95%
2021-present Serigo 'Checo' Perez
95%
2014-2018 Daniel Ricciardo
91%
2019-2020 Alex Albon
86%
2019 Pierre Gasly
86%
2015-2016 Daniil Kvyat
82%
2005-2008 David Coulthard
66%
2005 Vitantonio Liuzzi
39%
2006 Robert Doornbos
27%
No matching quizzes found
Score Distribution
Percent of People with Each Score
Percentile by Number Answered
Your Score History
You have not taken this quiz